|
|
|
|
| LEADER |
00966nam a2200241 a 4500 |
| 001 |
710238 |
| 008 |
090804s1998 nyu b 000 0deng d |
| 010 |
|
|
|a 97036988
|
| 020 |
|
|
|a 8173712441
|
| 040 |
|
|
|a DLC
|c DLC
|d DLC
|
| 082 |
0 |
0 |
|a 658.4/0092
|a B
|2 21
|
| 100 |
1 |
|
|a Beatty, Jack.
|
| 245 |
1 |
4 |
|a The world according to Peter Drucker /
|c Jack Beatty.
|
| 260 |
|
|
|a New York ;
|a india :
|b Universities Press,
|c c1998.
|
| 300 |
|
|
|a xii, 204 p. ;
|c 25 cm.
|
| 504 |
|
|
|a Includes bibliographical references (p. 189-201).
|
| 541 |
1 |
|
|e 00012860
|
| 650 |
|
0 |
|a Management
|x History.
|
| 600 |
1 |
0 |
|a Drucker, Peter F.
|q (Peter Ferdinand),
|d 1909-2005.
|
| 700 |
1 |
|
|a Drucker, Peter F.
|q (Peter Ferdinand),
|d 1909-2005.
|
| 852 |
4 |
|
|a Ayesha Abed Library
|j General Shelf.
|
| 999 |
|
|
|c 3276
|d 3276
|
| 952 |
|
|
|0 0
|1 0
|2 ddc
|4 0
|6 658_400920000000000_BEA
|7 0
|9 2968
|a BRACUL
|b BRACUL
|c GEN
|d 2009-08-31
|g 0.00
|l 0
|o 658.40092 BEA
|p 3010012860
|r 2009-08-31
|t 1
|w 2009-08-31
|y BK
|x No price found in the accession register.
|